000 00645nam a22002057a 4500
003 JO-AjAnu
005 20251018121416.0
008 251018b jo ||||| |||| 00| 0 ara d
020 _a978-9957-94-624-1
022 _a5061/12/2020
040 _aANU
_cJO-AjAnu
041 _hARA
100 _aالكتوت، وردة سعيد
_eمؤلف
_966879
245 _aبتلات
_c / وردة سعيد الكتوت
260 _aعمان :
_bوزارة الثقافة،
_c2021
300 _a76 صفحة
490 _aسرد وشعر
650 _vالشعر العربي-الأدب العربي-العصر الحديث
_964119
942 _2lcc
_cBK
_n0
999 _c34125
_d34125